000 00626nam a2200241Ia 4500
003 OSt
005 20221007061529.0
006 a|||||r|||| 00| 0
007 ta
008 221006b |||||||| |||| 00| 0 eng d
024 _a39,988
037 _cTextual
040 _aFLL
_cFLL
_beng
041 _2eng
_aeng
082 _aY:45, Q2
100 _aSrivastava S.S.
245 0 _aCriminology, penology and victimology
250 _a4th
260 _aAllahabad
_bCentral Law Agency India
_c2012
300 _axxxii,578p
_ccm.
942 _hY:45, Q2
_cTEXL
_2CC
999 _c1125678
_d1125678